000 01163nam a2200313 i 4500
003 EG-GICUC
005 20260505110854.0
008 260203s1941 ua |||fr|||| 00| 0 ara d
040 _a EG-GICUC
_bara
_c EG-GICUC
_d EG-GICUC
_erda
041 0 _aAra
082 0 4 _221
_a343.211
_bج ن . م
092 0 4 _221
099 _aLaw1 10 343.211 ج ن . م 1941
100 0 _a جندى عبدالملك بك
_eمؤلف.
245 1 2 _aالموسوعة الجنائية.
_nالجزء الرابع،
_pرشوة - ظروف الجريمة /
_cتأليف جندى عبدالملك بك.
264 3 _aالقاهرة :
_bمطبعة الإعتماد،
_c1941.
264 1 _aبيروت :
_aلبنان :
_bدار المؤلفات القانونية
300 _a716 ؛صفحة
_c24 سم.
336 _2rda content
_atext
337 _2rda media
_aComputer
338 _2rda carrier
_aOnline Resource
546 _aالنص باللغة العربية
650 1 _aالرشوة
_2qrmak
650 1 _aالقانون الجنائى
_2qrmak
651 1 _2qrmak
856 4 0 _uhttps://fll.law.cu.edu.eg/fulltext/bks/B10-08762.pdf
905 _a54
942 _2ddc
_cBK
_e21
_n0
999 _c60513
_d60513